000 01536cam a2200289 a 4500
003 OSt
005 20210309160511.0
008 021018s1999 ck r 000 0 spa d
020 _a9588087147
040 _aCO-BoPUJ
_cCO-JMCR
041 0 _aspa
082 0 4 _a333.9534 /
_bC335r
_223
100 1 _aCasas Isaza, Adriana,
_eautor
_914625
245 1 0 _aRecursos genéticos, biodiversidad y derecho :
_bdecisión 391 del Acuerdo de Cartagena régimen común sobre acceso a los recursos genéticos /
260 _aBogotá :
_bJurídica Gustavo Ibañez,
_c1999.
300 _a252 páginas
_bilustraciones, gráficas y mapas en blanco y negro ;
_c24 cm.
504 _aBibliografía : páginas 251-252.
505 0 _aColombia y su biodiversidad -- Contexto jurídico mundial y nacional del acceso a los recursos genéticos de la diversidad biológica -- El derecho comunitario Andino y la decisión 391 de 1996
520 0 _aLa diversidad biológica de Colombia es patrimonio nacional y de interés de la humanidad, y tiene un valor estratégico para el desarrollo presente y futuro del país, por tanto debería ser protegida prioritariamente y aprovechada en forma sostenible.
650 2 4 _aDerecho ambiental
_zColombia
_914626
650 2 4 _aControl ambiental
_zColombia
_914627
650 2 4 _aRecursos biológicos
_xLegislación
_zColombia
_914628
650 2 4 _aPolítica ambiental
_914629
650 2 4 _aProtección del medio ambiente
_xLegislación
_zColombia
_914630
650 2 4 _aDiversidad biológica
_94313
942 _2ddc
_cBK
999 _c7512
_d7512